[Event "GRE-chT U16"]
[Site "Thessaloniki"]
[Date "2021.12.18"]
[Round "5.5"]
[White "Alexandri, Vasiliki"]
[Black "Christodoulou, Georgia"]
[Result "1/2-1/2"]
[WhiteElo "1415"]
[BlackElo "1381"]
[PlyCount "74"]
[EventDate "2021.12.16"]
[EventType "team-swiss"]
[EventRounds "6"]
[EventCountry "GRE"]
[SourceTitle "CBM 205 Extra"]
[Source "ChessBase"]
[SourceDate "2022.01.31"]
[SourceVersion "1"]
[SourceVersionDate "2022.01.31"]
[SourceQuality "1"]
[WhiteTeam "Neapolis Sykeon"]
[BlackTeam "Patron"]
[WhiteTeamCountry "GRE"]
[BlackTeamCountry "GRE"]

1. d4 Nf6 2. c4 c5 3. d5 b5 4. cxb5 a6 5. bxa6 Bxa6 6. Nc3 g6 7. e4 Bxf1 8. Kxf1 d6 9. Nf3 Nbd7 10. g3 Bg7 11. Kg2 0-0 12. a4 Ra6 13. Qc2 Qa8 14. Nb5 Qb7 15. Ra3 Rfa8 16. b3 Ne8 17. Bb2 Nc7 18. Nxc7 Bxb2 19. Ra2 Qxc7 20. Qxb2 Rb8 21. Nd2 Rab6 22. Qc2 Rb4 23. Rc1 e6 24. Rb2 exd5 25. exd5 Qb7 26. Nc4 Qxd5+ 27. Kg1 Qc6 28. Re1 d5 29. Ne5 Nxe5 30. Rxe5 c4 31. Qd1 Rxb3 32. Rxb3 cxb3 33. Rxd5 b2 34. Rd8+ Rxd8 35. Qxd8+ Kg7 36. Qd4+ Qf6 37. Qb4 Qe5 1/2-1/2

[Event "GRE-chT U16"]
[Site "Thessaloniki"]
[Date "2021.12.17"]
[Round "3.5"]
[White "Giakoustidou, Evgenia"]
[Black "Alexandri, Vasiliki"]
[Result "0-1"]
[WhiteElo "1207"]
[BlackElo "1415"]
[PlyCount "82"]
[EventDate "2021.12.16"]
[EventType "team-swiss"]
[EventRounds "6"]
[EventCountry "GRE"]
[SourceTitle "CBM 205 Extra"]
[Source "ChessBase"]
[SourceDate "2022.01.31"]
[SourceVersion "1"]
[SourceVersionDate "2022.01.31"]
[SourceQuality "1"]
[WhiteTeam "Kalamarias Han"]
[BlackTeam "Neapolis Sykeon"]
[WhiteTeamCountry "GRE"]
[BlackTeamCountry "GRE"]

1. f4 Nf6 2. Nf3 d5 3. e3 e6 4. c3 c5 5. d4 Bd6 6. Bd3 0-0 7. 0-0 b6 8. Nbd2 Ba6 9. Bxa6 Nxa6 10. Ne5 Nc7 11. Rf3 Nfe8 12. Rh3 f6 13. Ng4 f5 14. Ne5 Nf6 15. Ndf3 Ne4 16. Bd2 Nxd2 17. Qxd2 Bxe5 18. Nxe5 Ne8 19. Qf2 Nd6 20. Qf3 Rf6 21. Kh1 Rc8 22. Rg1 Rc7 23. g4 g6 24. gxf5 Nxf5 25. Ng4 Rff7 26. Nh6+ Nxh6 27. Rxh6 cxd4 28. exd4 Qf6 29. Re1 Rce7 30. Rf1 Qf5 31. Rh3 Rg7 32. Rg3 Ref7 33. Kg2 Kf8 34. c4 Qc2+ 35. Rf2 Qxc4 36. Qa3+ Re7 37. f5 exf5 38. Rxf5+ gxf5 39. Rxg7 Qe2+ 40. Kh1 Kxg7 41. Qg3+ Qg4 0-1

[Event "EU-ch Hybrid U12 Girls"]
[Site "Tornelo INT"]
[Date "2021.10.15"]
[Round "2"]
[White "Alexandri, Vasiliki"]
[Black "Goriachkina, Oksana"]
[Result "0-1"]
[WhiteElo "1433"]
[BlackElo "1756"]
[PlyCount "132"]
[EventDate "2021.10.15"]
[EventType "swiss"]
[EventRounds "9"]
[EventCountry "NET"]
[SourceTitle "EXT 2023"]
[Source "ChessBase"]
[SourceDate "2022.10.05"]
[SourceVersion "1"]
[SourceVersionDate "2022.10.05"]
[SourceQuality "1"]
[WhiteTeam "Greece"]
[BlackTeam "Russia"]
[WhiteTeamCountry "GRE"]
[BlackTeamCountry "RUS"]

1. d4 d5 2. Nf3 Nf6 3. c4 c6 4. e3 e6 5. Nbd2 Be7 6. Bd3 0-0 7. 0-0 b6 8. e4 dxe4 9. Nxe4 Nbd7 10. Bf4 Bb7 11. Nd6 Qc7 12. c5 bxc5 13. Nxb7 Qxb7 14. Qe2 Rfd8 15. Rfd1 cxd4 16. Nxd4 Nc5 17. Bc4 Nd5 18. Bg3 Bd6 19. Nb3 Nxb3 20. Bxb3 Bxg3 21. hxg3 a5 22. Qe4 Rd6 23. Bc2 g6 24. Qe5 Rd7 25. Ba4 Rc8 26. Rac1 Qb6 27. Rd3 Rb7 28. Rb3 Qa6 29. Rxb7 Qxb7 30. Rc5 Qb6 31. Rc4 Nb4 32. Qc5 Qxc5 33. Rxc5 Nxa2 34. Rxa5 Nb4 35. Rc5 Nd3 36. Rxc6 Rxc6 37. Bxc6 Nxb2 38. Kf1 Nc4 39. Ke2 Kg7 40. Bb5 Nd6 41. Bd3 f5 42. Ke3 Kf6 43. Kd4 e5+ 44. Kd5 Nf7 45. Be2 Ng5 46. Bd3 Ne6 47. Bc4 f4 48. g4 Ng5 49. f3 Nf7 50. Bd3 h5 51. gxh5 gxh5 52. Bf1 Ng5 53. Bd3 h4 54. Be2 Ne6 55. Bd3 Nd4 56. Ke4 Nf5 57. Ba6 Ne3 58. Bc8 Nxg2 59. Bh3 Ne3 60. Kd3 Nf5 61. Ke4 Nh6 62. Bc8 Nf7 63. Bg4 h3 64. Bxh3 Ng5+ 65. Kd5 Nxh3 66. Ke4 Ng5+ 0-1

[Event "EU-ch Hybrid U12 Girls"]
[Site "Tornelo INT"]
[Date "2021.10.15"]
[Round "4"]
[White "Alexandri, Vasiliki"]
[Black "Piddubna, Bozhena"]
[Result "1/2-1/2"]
[WhiteElo "1433"]
[BlackElo "1485"]
[PlyCount "56"]
[EventDate "2021.10.15"]
[EventType "swiss"]
[EventRounds "9"]
[EventCountry "NET"]
[SourceTitle "EXT 2023"]
[Source "ChessBase"]
[SourceDate "2022.10.05"]
[SourceVersion "1"]
[SourceVersionDate "2022.10.05"]
[SourceQuality "1"]
[WhiteTeam "Greece"]
[BlackTeam "Ukraine"]
[WhiteTeamCountry "GRE"]
[BlackTeamCountry "UKR"]

1. d4 Nf6 2. c4 e6 3. Nc3 Bb4 4. e3 0-0 5. a3 Bxc3+ 6. bxc3 c5 7. Bd3 Qa5 8. Bd2 d5 9. cxd5 exd5 10. Ne2 c4 11. Bc2 Nc6 12. 0-0 Re8 13. f3 Re7 14. Ng3 Bd7 15. Nf5 Bxf5 16. Bxf5 Rae8 17. Qe1 g6 18. Bc2 Re6 19. Qf2 Qc7 20. Rae1 Na5 21. e4 dxe4 22. fxe4 Nxe4 23. Bxe4 Rxe4 24. Qf6 R8e6 25. Rxe4 Rxf6 26. Rxf6 Kg7 27. Bf4 Qd7 28. Rd6 Qf5 1/2-1/2

[Event "EU-ch Hybrid U12 Girls"]
[Site "Tornelo INT"]
[Date "2021.10.15"]
[Round "5"]
[White "Gaszka, Zuzanna"]
[Black "Alexandri, Vasiliki"]
[Result "1-0"]
[WhiteElo "1695"]
[BlackElo "1433"]
[PlyCount "85"]
[EventDate "2021.10.15"]
[EventType "swiss"]
[EventRounds "9"]
[EventCountry "NET"]
[SourceTitle "EXT 2023"]
[Source "ChessBase"]
[SourceDate "2022.10.05"]
[SourceVersion "1"]
[SourceVersionDate "2022.10.05"]
[SourceQuality "1"]
[WhiteTeam "Poland"]
[BlackTeam "Greece"]
[WhiteTeamCountry "POL"]
[BlackTeamCountry "GRE"]

1. d4 Nf6 2. Nc3 d5 3. Bg5 Nbd7 4. Nf3 e6 5. e4 h6 6. Bxf6 Nxf6 7. exd5 exd5 8. Bd3 Be7 9. 0-0 0-0 10. Ne2 c5 11. c3 c4 12. Bc2 b5 13. Ne5 Qb6 14. b3 Be6 15. b4 a5 16. a3 Ng4 17. Nxg4 Bxg4 18. f3 Be6 19. Nf4 axb4 20. axb4 Bg5 21. Nh5 g6 22. Rxa8 Rxa8 23. f4 gxh5 24. fxg5 Bg4 25. Qd2 Kg7 26. gxh6+ Qxh6 27. Rxf7+ Kxf7 28. Qxh6 Ra1+ 29. Kf2 Ra2 30. Qg6+ Ke7 31. Ke1 Ra1+ 32. Kf2 Ra2 33. Ke3 Ra3 34. Qg5+ Ke6 35. Qe5+ Kf7 36. Qxd5+ Be6 37. Qxh5+ Ke7 38. Kd2 Ra8 39. Qxb5 Rg8 40. Qb7+ Kf6 41. Qf3+ Ke7 42. h3 Rf8 43. Qe3 1-0

[Event "EU-ch Hybrid U12 Girls"]
[Site "Tornelo INT"]
[Date "2021.10.15"]
[Round "1"]
[White "Roehrer, Sonja"]
[Black "Alexandri, Vasiliki"]
[Result "0-1"]
[WhiteElo "1066"]
[BlackElo "1433"]
[PlyCount "140"]
[EventDate "2021.10.15"]
[EventType "swiss"]
[EventRounds "9"]
[EventCountry "NET"]
[SourceTitle "EXT 2023"]
[Source "ChessBase"]
[SourceDate "2022.10.05"]
[SourceVersion "1"]
[SourceVersionDate "2022.10.05"]
[SourceQuality "1"]
[WhiteTeam "Austria"]
[BlackTeam "Greece"]
[WhiteTeamCountry "AUT"]
[BlackTeamCountry "GRE"]

1. e4 e5 2. Nf3 Nc6 3. Bc4 Nf6 4. Nc3 Nxe4 5. Nxe4 d5 6. Nc3 dxc4 7. b3 cxb3 8. axb3 Be7 9. Bb2 Bg4 10. h3 Bxf3 11. Qxf3 Nd4 12. Qd1 0-0 13. 0-0 Qd6 14. d3 f5 15. Ne2 c5 16. c3 Nxe2+ 17. Qxe2 Bf6 18. Rad1 Qb6 19. Qc2 Rfe8 20. Rfe1 Rad8 21. c4 Qc6 22. Re3 Rd6 23. Rde1 Rde6 24. f3 Bh4 25. R1e2 Bg3 26. Bc3 Bf4 27. Kf2 Bxe3+ 28. Rxe3 e4 29. fxe4 fxe4 30. d4 Rf8+ 31. Kg1 cxd4 32. Bxd4 Rd8 33. Bc3 Qc5 34. Qf2 Rd3 35. Bd2 Rf6 36. Qe2 Rfd6 37. b4 Qd4 38. Qh5 Rd8 39. Qf5 Rxd2 40. Qe6+ Kh8 41. Qxe4 Qxe4 42. Rxe4 g6 43. Re7 R2d7 44. Re6 Kg7 45. c5 Kf7 46. Re3 Rd1+ 47. Kh2 R8d3 48. Re4 Rd4 49. Re3 Rxb4 50. Rf3+ Kg7 51. Re3 a5 52. Re7+ Kf6 53. Rxh7 a4 54. Rh8 a3 55. Rf8+ Ke7 56. Rf3 a2 57. Ra3 a1Q 58. Rxa1 Rxa1 59. Kg3 Ra3+ 60. Kh2 Rc4 61. c6 Rxc6 62. Kh1 b5 63. Kh2 b4 64. Kh1 b3 65. Kg1 Ra2 66. Kh2 Rc3 67. Kh1 b2 68. Kh2 b1Q 69. h4 Ra1 70. g3 Qh1# 0-1

[Event "GRE-chT2 48th"]
[Site "Thessaloniki"]
[Date "2021.10.10"]
[Round "7.2"]
[White "Mplitsa, Artemis"]
[Black "Alexandri, Vasiliki"]
[Result "1/2-1/2"]
[WhiteElo "1393"]
[BlackElo "1433"]
[PlyCount "70"]
[EventDate "2021.10.05"]
[EventType "team-swiss"]
[EventRounds "7"]
[EventCountry "GRE"]
[SourceTitle "CBM 204 Extra"]
[Source "ChessBase"]
[SourceDate "2021.11.30"]
[SourceVersion "1"]
[SourceVersionDate "2021.11.30"]
[SourceQuality "1"]
[WhiteTeam "Alexandroupolis Ethnikos"]
[BlackTeam "Neapolis Sykeon"]
[WhiteTeamCountry "GRE"]
[BlackTeamCountry "GRE"]

1. e4 e5 2. Nf3 Nc6 3. Bb5 a6 4. Ba4 Nf6 5. 0-0 Be7 6. Re1 b5 7. Bb3 d6 8. c3 0-0 9. h3 Na5 10. Bc2 c5 11. d4 Qc7 12. Nbd2 cxd4 13. cxd4 Bd7 14. Nf1 Rac8 15. Re2 Nh5 16. dxe5 dxe5 17. Nxe5 Bxh3 18. gxh3 Qxe5 19. Qd5 Bd6 20. Qxe5 Bxe5 21. Rb1 Rfd8 22. Bg5 f6 23. Be3 Nf4 24. Bxf4 Bxf4 25. Bd1 Rc1 26. Bc2 Rxb1 27. Bxb1 Nc4 28. a3 Kf8 29. Ba2 Be5 30. Bxc4 bxc4 31. Ne3 c3 32. bxc3 Bxc3 33. Rc2 Rd3 34. Kg2 Be5 35. Nc4 Ke7 1/2-1/2